| 000 | 00901nam a2200301Ia 4500 | ||
|---|---|---|---|
| 008 | 160803s9999 xx 000 0 und d | ||
| 020 | _a0 439474841 | ||
| 100 | _aMyers, Laurie | ||
| 245 | _aLewis and Clark and me : | ||
| 245 | _ba dog's tale / | ||
| 245 | _cLaurie Myers ; illustrations by Michael Dooling. | ||
| 260 | _aNew York : | ||
| 260 | _bScholastic Inc. | ||
| 260 | _c2002 | ||
| 300 | _axv, 64 pages : | ||
| 300 | _bcolor illustrations ; | ||
| 300 | _c23 cm | ||
| 500 | _aOriginally published: New York : Henry Holt & Company, c2002. | ||
| 650 | _aClark, William, 1770-1838 -- | ||
| 650 | _aLewis and Clark Expedition (1804-1806) -- | ||
| 650 | _aLewis, Meriwether, 1774-1809 -- | ||
| 650 | _aSeaman (Dog) -- | ||
| 650 | _xJuvenile fiction. | ||
| 650 | _xJuvenile fiction. | ||
| 650 | _xJuvenile fiction. | ||
| 650 | _xJuvenile fiction. | ||
| 700 | _a470 | ||
| 999 |
_c299347 _d299347 |
||